| 000 | 00680nam a2200253Ia 4500 | ||
|---|---|---|---|
| 003 | OSt | ||
| 005 | 20220918163503.0 | ||
| 006 | a|||||r|||| 00| 0 | ||
| 007 | ta | ||
| 008 | 220917b |||||||| |||| 00| 0 eng d | ||
| 020 | _a0048000396 | ||
| 024 | _a30,861 | ||
| 037 | _cTextual | ||
| 040 |
_aARTS _cARTS _beng |
||
| 041 |
_2eng _aeng |
||
| 082 | _aO111,3M57:g(S), M6 | ||
| 100 |
_aRaval Suresh _913411 |
||
| 245 | 0 |
_aArt of failure _b Conrad's fiction |
|
| 260 |
_aBoston _bAllen and Unwin _c1986 |
||
| 300 |
_axiii,187p. _ccm. |
||
| 650 | _aENGLISH LITERATURE | ||
| 942 |
_hO111,3M57:g(S), M6 _cTEXL _2CC |
||
| 999 |
_c119822 _d119822 |
||